000
00293nam a2200121Ia 4500
008
191201s2015 xx 000 0 und d
100
_a
CHANDAK,N.R.
245
0
_a
Design of Steel Structures
260
_a
N. delhi
_b
S.k. Kataria
_c
2015
300
_a
NULL
650
_a
B.Tech(CE)
942
_2
ddc
_c
BK
999
_c
485
_d
485